| 000 | 00925 a2200205 4500 | ||
|---|---|---|---|
| 003 | Nust | ||
| 005 | 20220815184531.0 | ||
| 010 | _a 2003061139 | ||
| 020 | _a0130224723 (alk. paper) | ||
| 040 | _cNust | ||
| 082 | 0 | 0 | _a621.382,HAY |
| 100 | 1 |
_aHaykin, Simon S., _997334 |
|
| 245 | 1 | 0 |
_aModern wireless communications / _cSimon Haykin and Michael Moher. |
| 260 |
_aUpper Saddle River, N.J. : _bPearson/Prentice Hall, _cc2005. |
||
| 300 |
_axvi, 560 p. : _bill. ; _c25 cm. |
||
| 505 | _aIntroduction (Page-1), Propagation and noise(Page-11), Modulation and frequency division multiple access (Page-103), Coding and time division multiple access (Page-179), Spread spectrum and code division multiple access (Page-258), Diversity,capacity and space division multiple access (Page-339), Wireless architectures (Page-450). | ||
| 650 | 0 | _aTelecommunication Engineering. | |
| 700 | 1 |
_aMoher, Michael. _968939 |
|
| 942 |
_cREF _2ddc |
||
| 999 |
_c212447 _d212447 |
||